Statistics for Top 20 Immigrant Countries to Canada 2023

Click here to take the quiz!

General Stats

  • This quiz has been taken 36 times
  • The average score is 15 of 20

Answer Stats

#HintAnswer% Correct
#231,780China
100%
#137,535Hong Kong
100%
#1139,780India
97%
#1010,460United States
91%
#175,735Mexico
89%
#611,860Pakistan
89%
#1110,075France
86%
#326,960Philippines
83%
#156,605Vietnam
83%
#147,225Brazil
80%
#129,345Syria
80%
#517,455Nigeria
77%
#810,680Iran
74%
#420,180Afghanistan
63%
#205,205South Korea
60%
#185,245Algeria
57%
#166,410Morocco
57%
#195,320D.R. Congo
49%
#711,685Cameroon
29%
#910,675Eritrea
14%

Score Distribution

Percentile by Number Answered

Percent of People with Each Score

Your Score History

You have not taken this quiz